[Event "Brexit Blitz :)"]
[Site "SchemingMind.com"]
[Date "2019.12.17"]
[Round "-"]
[White "Paul7926"]
[Black "ray winteringham"]
[Result "1-0"]
[WhiteCountry "ENG"]
[BlackCountry "ENG"]
[WhiteElo "1564"]
[WhiteRD "117"]
[BlackElo "1463"]
[BlackRD "50"]
[GameID "449317"]

1. e4 c5 2. Nc3 e5 3. Nf3 d6 4. Bc4 h6 5. d3 Be7 6. Be3 f5 7. g3 fxe4 8. dxe4 Bh3 9. Qd2 Nf6 10. O-O-O a6
11. Nd5 b5 12. Be2 Nxe4 13. Qd3 Bg5 14. Qxe4 Ra7 15. Qg6+ Rf7 16. Nxg5 hxg5 17. Bxg5 Qd7 18. c4 Bf5 19. Nf6+ Ke7 20. Nxd7+
1-0

[Event "Brexit Blitz :)"]
[Site "SchemingMind.com"]
[Date "2019.12.17"]
[Round "-"]
[White "ray winteringham"]
[Black "Paul7926"]
[Result "1-0"]
[WhiteCountry "ENG"]
[BlackCountry "ENG"]
[WhiteElo "1463"]
[WhiteRD "50"]
[BlackElo "1564"]
[BlackRD "117"]
[GameID "449318"]

1. e4 c6 2. d4 d5 3. e5 Bf5 4. Bd3 e6 5. Bxf5 exf5 6. Bf4 Nd7 7. Nf3 Bb4+ 8. c3 Ba5 9. O-O Ne7 10. Nbd2 f6
11. Qc2 g6 12. exf6 Nxf6 13. Ne5 Qd6 14. Ndf3 Qe6 15. Rfe1 Ne4 16. Nd2 O-O 17. b4 Bb6 18. a4 a5 19. Ndf3 h6 20. Bxh6 Rfd8
21. Qc1 g5 22. Bxg5 Nxg5 23. Nxg5 Kg7 24. Nxe6+
1-0

[Event "Brexit Blitz :)"]
[Site "SchemingMind.com"]
[Date "2019.12.19"]
[Round "-"]
[White "kenneth m day"]
[Black "Phillip Beckett"]
[Result "1-0"]
[WhiteCountry "USA"]
[BlackCountry "ENG"]
[WhiteElo "1708"]
[WhiteRD "53"]
[BlackElo "1515"]
[BlackRD "52"]
[GameID "449369"]

1. e4 e5 2. f4 Qh4+ 3. g3 Qe7 4. d3 exf4 5. Bxf4 d5 6. Nc3 dxe4 7. dxe4 c6 8. Qd4 Bg4 9. Be2 Bxe2 10. Ngxe2 Nd7
11. O-O-O Nb6 12. e5 f6 13. Ne4 fxe5 14. Bxe5 Rd8 15. Qxd8+ Qxd8 16. Rxd8+ Kxd8 17. Rf1 Ne7 18. Nd6 Ng6 19. Nf7+ Ke7 20. Bd6+ Ke8
21. Nxh8 Bxd6 22. Nf7 Be7 23. Nc3 Bf6 24. Nd6+ Kd7 25. Nxb7 Kc7 26. Nc5 Nd5 27. N3e4 Ne5 28. Nxf6 gxf6 29. Ne4 Ng4 30. h3 Ne5
31. Nxf6 Nxf6 32. Rxf6
1-0

[Event "Brexit Blitz :)"]
[Site "SchemingMind.com"]
[Date "2019.12.19"]
[Round "-"]
[White "Phillip Beckett"]
[Black "kenneth m day"]
[Result "0-1"]
[WhiteCountry "ENG"]
[BlackCountry "USA"]
[WhiteElo "1533"]
[WhiteRD "50"]
[BlackElo "1745"]
[BlackRD "53"]
[GameID "449370"]

1. e4 e5 2. Nf3 Nc6 3. Bb5 Nf6 4. d3 a6 5. Bxc6 dxc6 6. Nxe5 Qd4 7. Nf3 Qb6 8. O-O Be7 9. Nc3 O-O 10. b3 Bg4
11. h3 Bh5 12. Na4 Qa7 13. Be3 Qb8 14. g4 Bg6 15. Nh4 Nd7 16. Nf5 Bf6 17. Rb1 b5 18. Nb2 c5 19. Qd2 Ne5 20. f4 Nc6
21. Ng3 h6 22. f5 Bh7 23. Nh5 Bd4 24. Kh2 Bxe3 25. Qxe3 Nd4 26. Qf2 c6+ 27. Kg1 b4 28. Nc4 Nb5 29. Qe3 Nd6 30. f6 Ne8
31. fxg7 Nxg7 32. Nxg7 Kxg7 33. Qf3 Qc7 34. Qf6+ Kg8 35. Qxh6 Qg3+ 36. Kh1 Qc7 37. Rf6 Qe7 38. Rbf1 Rad8 39. Qg5+ Kh8 40. Qf4 Bg6
41. Qh6+ Kg8 42. h4 Bh7 43. Qg5+ Kh8 44. Qh5 Kg8 45. Rh6 f6 46. e5 fxe5 47. Rxf8+ Rxf8 48. Nxe5 Qg7 49. Ng6 Rf7 50. Ne5 Re7
51. Rxh7 Qxh7 52. Qg5+ Qg7 53. Qf5 Rxe5
0-1

[Event "Brexit Blitz :)"]
[Site "SchemingMind.com"]
[Date "2019.12.19"]
[Round "-"]
[White "Aleksandr Frenkel"]
[Black "Manfred Kraut"]
[Result "1-0"]
[WhiteCountry "USA"]
[BlackCountry "GER"]
[WhiteElo "2291"]
[WhiteRD "75"]
[BlackElo "1384"]
[BlackRD "71"]
[GameID "449374"]

1. e4 c5 2. a3 Nc6 3. b4 cxb4 4. axb4 Nxb4 5. c3 Nc6 6. d4 g6 7. Nf3 Bg7 8. Bc4 d6 9. Qa4 Bd7 10. Qa2 Nf6
11. Bxf7+
1-0

[Event "Brexit Blitz :)"]
[Site "SchemingMind.com"]
[Date "2019.12.31"]
[Round "-"]
[White "Greg Magne"]
[Black "ydebilloez"]
[Result "1-0"]
[WhiteCountry "CAN"]
[BlackCountry "COD"]
[WhiteElo "1784"]
[WhiteRD "84"]
[BlackElo "1573"]
[BlackRD "119"]
[GameID "449764"]

1. e4 c6 2. d4 d5 3. exd5 cxd5 4. c4 e6 5. Nc3 Nf6 6. Nf3 Be7 7. Be2 O-O 8. O-O dxc4 9. Bxc4 Nc6 10. Be3 h6
11. a4 Na5 12. Ba2 b6 13. Qe2
1-0

[Event "Brexit Blitz :)"]
[Site "SchemingMind.com"]
[Date "2019.12.31"]
[Round "-"]
[White "ydebilloez"]
[Black "Greg Magne"]
[Result "0-1"]
[WhiteCountry "COD"]
[BlackCountry "CAN"]
[WhiteElo "1573"]
[WhiteRD "119"]
[BlackElo "1784"]
[BlackRD "84"]
[GameID "449765"]

1. d4 d5 2. Bf4 Nf6 3. Nf3 e6 4. e3 c5 5. c3 Nc6 6. Be2 Bd6 7. Bxd6 Qxd6 8. O-O O-O 9. dxc5 Qxc5 10. Nbd2 Bd7
11. Rc1 e5 12. e4 dxe4
0-1

[Event "Brexit Blitz :)"]
[Site "SchemingMind.com"]
[Date "2020.01.09"]
[Round "-"]
[White "wight knight"]
[Black "spoke"]
[Result "0-1"]
[WhiteCountry "ENG"]
[BlackCountry "GER"]
[WhiteElo "1304"]
[WhiteRD "54"]
[BlackElo "1803"]
[BlackRD "94"]
[GameID "450087"]

1. e4 e5 2. Bc4 Nf6 3. f3 Nxe4 4. g3 Nf6 5. c3 d5 6. Bb3 Nc6 7. d3 Be6 8. Bg5 Be7 9. Bxf6 Bxf6 10. g4 Bh4+
11. Kd2 Qg5+ 12. Kc2 O-O-O 13. Nh3 Qf6 14. f4 d4 15. Bxe6+ Qxe6 16. f5 Qd5 17. c4 Qg2+ 18. Kb3 Qxh3 19. Rg1 e4 20. Qf1 e3
21. Qxh3 g5 22. fxg6 hxg6 23. Na3 Nb4 24. Kxb4 Be7+ 25. c5 Rxh3 26. Nc4 Rxh2 27. g5 Rd5 28. Ne5 Rxe5 29. a4 Rxc5 30. b3 a5+
31. Ka3 Rc3#
0-1

[Event "Brexit Blitz :)"]
[Site "SchemingMind.com"]
[Date "2020.01.10"]
[Round "-"]
[White "spoke"]
[Black "wight knight"]
[Result "1-0"]
[WhiteCountry "GER"]
[BlackCountry "ENG"]
[WhiteElo "1803"]
[WhiteRD "94"]
[BlackElo "1304"]
[BlackRD "54"]
[GameID "450088"]

1. e4 e5 2. Nf3 f6 3. Nxe5 g6 4. Nf3 d6 5. d4 Bh6 6. Nbd2 Bxd2+ 7. Bxd2 Bg4 8. Be2 Bxf3 9. Bxf3 Nc6 10. Be3 f5
11. O-O Nf6 12. exf5 gxf5 13. Re1 Ne4 14. Bxe4 fxe4 15. Qh5+ Kd7 16. Qf5+ Ke8 17. Bg5 Qd7 18. Rxe4+ Ne7 19. Rxe7+ Qxe7 20. Bxe7 Kxe7
21. Re1+ Kd8 22. d5 Re8 23. Qf6+
1-0

[Event "Brexit Blitz :)"]
[Site "SchemingMind.com"]
[Date "2020.01.10"]
[Round "-"]
[White "Clive Everill"]
[Black "David Hartley"]
[Result "1/2-1/2"]
[WhiteCountry "CZE"]
[BlackCountry "ENG"]
[WhiteElo "1776"]
[WhiteRD "60"]
[BlackElo "1805"]
[BlackRD "86"]
[GameID "450102"]

1. e4 e5 2. Nc3 Nf6 3. f4 d5 4. fxe5 Nxe4 5. Nf3 Be7 6. Qe2 Nxc3 7. dxc3 O-O 8. Bf4 c5 9. O-O-O Nc6 10. c4 d4
11. Qe4 Re8 12. h4 Bd6 13. Bd3 f5 14. Qe1 Re7 15. Bg5 Nxe5 16. Nxe5 Bxe5 17. Bxe7 Qxe7 18. Rf1 g6 19. Qe2 Bd7 20. Rde1 Re8
21. Qd2 Qxh4 22. Kb1 Qf6 23. Rh1 Re7 24. Rhf1 Kf8 25. Be4 Bc6 26. Bxc6 Qxc6 27. Qh6+ Ke8 28. g4 f4 29. Qg5 Qd6 30. Qh4 Kd8
31. Re4 b6 32. Rfe1 Qf6 33. Qh1 g5 34. a3 Ke8 35. Qh5+ Kf8 36. Qh1 h6 37. Qf3 Kf7 38. Ka2 Qd6 39. R1e2 Kg7 40. Qd3 Kf6
41. Qf3 Kg7 42. Qd3 Kf6 43. Qf3 Re6 44. Qh3 Kg7 45. Qd3 Kf6 46. Qh3=
1/2-1/2

[Event "Brexit Blitz :)"]
[Site "SchemingMind.com"]
[Date "2020.01.10"]
[Round "-"]
[White "David Hartley"]
[Black "Clive Everill"]
[Result "1-0"]
[WhiteCountry "ENG"]
[BlackCountry "CZE"]
[WhiteElo "1801"]
[WhiteRD "82"]
[BlackElo "1782"]
[BlackRD "61"]
[GameID "450103"]

1. e4 c5 2. Nf3 d6 3. d4 Nf6 4. Nc3 cxd4 5. Nxd4 a6 6. Be3 e5 7. Nb3 Be6 8. f3 Be7 9. Nd2 Nc6 10. a3 O-O
11. Bd3 d5 12. exd5 Nxd5 13. Nxd5 Bxd5 14. O-O f5 15. c4 Be6 16. Be2 Nd4 17. Bxd4 exd4 18. Nb3 Bf6 19. Qc2 Rc8 20. f4 Qc7
21. Nd2 Rfd8 22. Bd3 g6 23. Rad1 b5 24. Rc1 Qb6 25. Qb1 bxc4 26. Bxc4 Bxc4 27. Nxc4 Qa7 28. Kh1 Rb8 29. Na5 Rbc8 30. Nc6 Qd7
31. Nxd8 Rxd8 32. Rcd1 d3 33. Rf3 d2 34. Rf2 Qc7 35. g3 Qb7+ 36. Rg2 a5 37. b4 axb4 38. axb4 Kg7 39. Qc2 Kh6 40. Rxd2 Rxd2
41. Qxd2 Be7 42. h3 Bxb4 43. Qb2 Qe4 44. Kh2 Bc5 45. Qe5 Qc4 46. Qf6 Be3 47. Qg5+ Kg7 48. Qe7+ Kh6 49. Qxe3 Qf1 50. Qa3 Kh5
51. Qe7 Kh6 52. Qf8+ Kh5 53. Qg7 h6 54. g4+ fxg4 55. hxg4+
1-0

[Event "Brexit Blitz :)"]
[Site "SchemingMind.com"]
[Date "2020.01.10"]
[Round "-"]
[White "Matthew Bailey"]
[Black "maro"]
[Result "1-0"]
[WhiteCountry "ENG"]
[BlackCountry "MEX"]
[WhiteElo "2489"]
[WhiteRD "59"]
[BlackElo "1463"]
[BlackRD "72"]
[GameID "450108"]

1. e4 e5 2. Nf3 Nc6 3. Bb5 Nge7 4. Nc3 d6 5. d4 exd4 6. Nxd4 Bd7 7. Be3 Nxd4 8. Bxd7+ Qxd7 9. Qxd4 Nc6 10. Qc4 Ne5
11. Qb3 b6 12. O-O-O g6 13. Bd4 Bg7 14. f4 Bh6 15. Bxe5 O-O 16. Nd5 Bg7 17. Bxg7 Kxg7 18. Qc3+
1-0

[Event "Brexit Blitz :)"]
[Site "SchemingMind.com"]
[Date "2020.01.10"]
[Round "-"]
[White "maro"]
[Black "Matthew Bailey"]
[Result "0-1"]
[WhiteCountry "MEX"]
[BlackCountry "ENG"]
[WhiteElo "1463"]
[WhiteRD "72"]
[BlackElo "2489"]
[BlackRD "59"]
[GameID "450109"]

1. d4 Nf6 2. Nc3 d5 3. Nf3 e6 4. a3 c5 5. e3 Nc6 6. dxc5 Bxc5 7. Bd3 e5 8. Bb5 Bd6 9. Nxd5 Nxd5 10. Qxd5 Bb4+
11. axb4 Qxd5 12. Bxc6+ Qxc6 13. c3 Bg4 14. Nxe5 Qxg2 15. Rf1 Bh3
0-1

[Event "Brexit Blitz :)"]
[Site "SchemingMind.com"]
[Date "2020.01.16"]
[Round "-"]
[White "Chessibelle"]
[Black "Juan Jose Rivas Maceda"]
[Result "0-1"]
[WhiteCountry "ENG"]
[BlackCountry "PER"]
[WhiteElo "1178"]
[WhiteRD "53"]
[BlackElo "2548"]
[BlackRD "93"]
[GameID "450322"]

1. Nf3 Nf6 2. d4 d5 3. e3 e6 4. Nc3 c5 5. Bb5+ Nbd7 6. O-O a6 7. Bd3 b5 8. g3 Bb7 9. a3 Qc7 10. Ng5 h6
11. Nh3 Rc8 12. Ne2 c4 13. c3 cxd3 14. Qxd3 Bd6 15. Nhf4 e5 16. Ng2 e4 17. Qc2 Nb6 18. Qd2 g5 19. b4 Qd7 20. Ne1 h5
21. Ng2 h4 22. Ne1 hxg3 23. fxg3 Qh3 24. Rf2 Ng4 25. Rg2 Nxh2 26. Kf2 Ng4+ 27. Kf1 Nc4 28. Qa2 Ncxe3+ 29. Kg1 Qh1#
0-1

[Event "Brexit Blitz :)"]
[Site "SchemingMind.com"]
[Date "2020.01.16"]
[Round "-"]
[White "Juan Jose Rivas Maceda"]
[Black "Chessibelle"]
[Result "1-0"]
[WhiteCountry "PER"]
[BlackCountry "ENG"]
[WhiteElo "2548"]
[WhiteRD "93"]
[BlackElo "1178"]
[BlackRD "53"]
[GameID "450323"]

1. e4 e5 2. Nf3 d6 3. d4 g6 4. dxe5 Bd7 5. exd6 Bxd6 6. Nc3 Ne7 7. Bg5 O-O 8. Nd5 c6 9. Nf6+ Kh8 10. Qxd6 Qa5+
11. Bd2 Qd8 12. Bc3 Nc8 13. Qf4 Be6 14. Qh6
1-0

[Event "Brexit Blitz :)"]
[Site "SchemingMind.com"]
[Date "2020.01.16"]
[Round "-"]
[White "Paul7926"]
[Black "Matthew Bailey"]
[Result "0-1"]
[WhiteCountry "ENG"]
[BlackCountry "ENG"]
[WhiteElo "1482"]
[WhiteRD "82"]
[BlackElo "2489"]
[BlackRD "59"]
[GameID "450324"]

1. e4 d6 2. d4 Nf6 3. Nc3 e5 4. dxe5 dxe5 5. Qxd8+ Kxd8 6. Be3 Bb4 7. a3 Bxc3+ 8. bxc3 Nxe4 9. Rd1+ Nd7 10. c4 Nd6
11. Nf3 b6 12. Be2 f6 13. O-O Bb7 14. Rb1 Nf5 15. Bd2 e4 16. Ne1 Nd4 17. Bg4 h5 18. Bf5 Nxf5 19. c3 Ne5 20. Nc2 Nxc4
21. Rfd1 Ke7 22. Bf4 g5 23. Be3 Rad8 24. Kf1 Nfxe3+ 25. fxe3 Rd2 26. Ke1 Rxc2 27. Rb4 Nxe3 28. Rd2 Nxg2+ 29. Kd1 Rxd2+ 30. Kxd2 e3+
31. Ke2 Rd8
0-1

[Event "Brexit Blitz :)"]
[Site "SchemingMind.com"]
[Date "2020.01.16"]
[Round "-"]
[White "Matthew Bailey"]
[Black "Paul7926"]
[Result "1-0"]
[WhiteCountry "ENG"]
[BlackCountry "ENG"]
[WhiteElo "2489"]
[WhiteRD "59"]
[BlackElo "1482"]
[BlackRD "82"]
[GameID "450325"]

1. c4 e5 2. Nc3 Nf6 3. Nf3 Nc6 4. g3 Bc5 5. Bg2 d6 6. O-O O-O 7. e3 Be6 8. d4 exd4 9. exd4 Bxc4 10. dxc5 Bxf1
11. Qxf1 dxc5 12. Bg5 Qd6 13. Rd1 Qe6 14. Bh3 Qe7 15. Rd7 Qe8 16. Bxf6 gxf6 17. Nd5 Qe5 18. Nxe5 Nxe5 19. Nxf6+ Kg7 20. Nh5+ Kg6
21. f4 Nxd7 22. f5+ Kxh5 23. Qf4 Rg8 24. Qh4#
1-0

[Event "Brexit Blitz :)"]
[Site "SchemingMind.com"]
[Date "2020.01.21"]
[Round "-"]
[White "Aleksandr Frenkel"]
[Black "Juan Jose Rivas Maceda"]
[Result "1/2-1/2"]
[WhiteCountry "USA"]
[BlackCountry "PER"]
[WhiteElo "2317"]
[WhiteRD "76"]
[BlackElo "2548"]
[BlackRD "93"]
[GameID "450492"]

1. e4 c5 2. Nf3 d6 3. d4 cxd4 4. Nxd4 Nf6 5. Nc3 a6 6. Be3 e5 7. Nb3 Be6 8. Qd2 Nbd7 9. f3 h5 10. O-O-O Be7
11. Kb1 b5 12. a3 Rc8 13. Bg5 O-O 14. h4 Re8 15. Nc1 Qb6 16. N1a2 Qb7 17. Nb4 Nb6 18. Ncd5 Nfxd5 19. exd5 Bd7 20. Bxe7 Rxe7
21. Qg5 a5 22. Qxe7 axb4 23. Qxd6 bxa3 24. Qxa3 Nxd5 25. Qb3 Be6 26. Rxd5 Bxd5 27. Qxb5 Qa8 28. Qa6 Qb8 29. Bd3 Qc7 30. Qb5 Rd8
31. Rd1 Be6 32. Qb4 g6 33. Re1 Rd5 34. b3 Rd4 35. Qb5 Rd5 36. Qb4 Rd4 37. Qb5 Rd5 38. Qb4 Rd4 39. Qb5 Rd5 40. Qb4 Rd4
41. Qb5=
1/2-1/2

[Event "Brexit Blitz :)"]
[Site "SchemingMind.com"]
[Date "2020.01.21"]
[Round "-"]
[White "Juan Jose Rivas Maceda"]
[Black "Aleksandr Frenkel"]
[Result "1-0"]
[WhiteCountry "PER"]
[BlackCountry "USA"]
[WhiteElo "2548"]
[WhiteRD "93"]
[BlackElo "2317"]
[BlackRD "76"]
[GameID "450493"]

1. e4 e5 2. Nf3 Nc6 3. Bc4 Nf6 4. Ng5 d5 5. exd5 Na5 6. Bb5+ c6 7. dxc6 bxc6 8. Qf3 Rb8 9. Be2 Bd6 10. Nc3 O-O
11. Nge4 Nxe4 12. Nxe4 Be7 13. O-O f5 14. Nc3 Kh8 15. Qd3 Bd6 16. f4 Qf6 17. b3 Rd8 18. Na4 Bc5+ 19. Nxc5 Rxd3 20. Nxd3 e4
21. Bb2 Qf8 22. Ne5 Qc5+ 23. Kh1 Be6 24. c4 Nb7 25. d3 Rf8 26. Bc3 a5 27. a3 Qb6 28. b4 exd3 29. Bxd3 Qc7 30. Rfe1 Kg8
31. Re3 Re8 32. c5 g6 33. Nc4 Qd8 34. Rd1 Bf7 35. Be2 Qa8 36. Rxe8+ Qxe8 37. Be5 Be6 38. Nd6 Nxd6 39. cxd6 Qd8 40. bxa5 Qxa5
41. Bc4
1-0

[Event "Brexit Blitz :)"]
[Site "SchemingMind.com"]
[Date "2020.01.21"]
[Round "-"]
[White "spoke"]
[Black "kenneth m day"]
[Result "1-0"]
[WhiteCountry "GER"]
[BlackCountry "USA"]
[WhiteElo "1817"]
[WhiteRD "91"]
[BlackElo "1746"]
[BlackRD "53"]
[GameID "450500"]

1. e4 e5 2. Nf3 Nc6 3. Bc4 Bc5 4. c3 d6 5. d4 exd4 6. Nxd4 Nf6 7. O-O O-O 8. Bg5 Ne5 9. Bb3 h6 10. Bh4 Ng6
11. Bxf6 Qxf6 12. Na3 Re8 13. f3 Bd7 14. Nc2 c6 15. Kh1 Re5 16. Qd3 Rae8 17. Rae1 Nf4 18. Qd2 Rh5 19. Ne3 Ree5 20. Ng4 Qh4
21. Qxf4 Bxg4 22. fxg4 Rhg5 23. Qxf7+ Kh7 24. Qg8+
1-0

[Event "Brexit Blitz :)"]
[Site "SchemingMind.com"]
[Date "2020.01.21"]
[Round "-"]
[White "kenneth m day"]
[Black "spoke"]
[Result "0-1"]
[WhiteCountry "USA"]
[BlackCountry "GER"]
[WhiteElo "1746"]
[WhiteRD "53"]
[BlackElo "1817"]
[BlackRD "91"]
[GameID "450501"]

1. e4 e5 2. Nf3 Nc6 3. c3 Nf6 4. d4 Nxe4 5. d5 Nb8 6. Nxe5 Bc5 7. Nd3 Qf6 8. Qe2 Qe7 9. Nxc5 Nxc5 10. Be3 O-O
11. Nd2 d6 12. O-O-O Bf5 13. Bxc5 Qxe2 14. Bxe2 dxc5 15. h3 Nd7 16. g4 Rfe8 17. Bb5 a6 18. Ba4 b5 19. Bc2 Bxc2 20. Kxc2 Re2
21. f4 Rae8 22. Kc1 c4 23. Nf3 Rf2 24. Rhf1 Ree2 25. Rxf2 Rxf2 26. Ne5 Nc5 27. f5 f6 28. Nc6 Nd3+ 29. Rxd3 cxd3 30. Nb8 a5
31. Na6 b4 32. Nxc7 Kf7 33. cxb4 Rc2+ 34. Kb1 Rxc7 35. d6 d2
0-1

[Event "Brexit Blitz :)"]
[Site "SchemingMind.com"]
[Date "2020.02.05"]
[Round "-"]
[White "Greg Magne"]
[Black "David Hartley"]
[Result "1-0"]
[WhiteCountry "CAN"]
[BlackCountry "ENG"]
[WhiteElo "1760"]
[WhiteRD "78"]
[BlackElo "1801"]
[BlackRD "82"]
[GameID "450909"]

1. e4 e5 2. f4 exf4 3. Bc4 Nf6 4. d3 d5 5. exd5 Nxd5 6. Nf3 Be7 7. O-O O-O 8. Kh1 Bg4 9. Bxd5 Qxd5 10. Bxf4 c5
11. Nc3 Qd8 12. h3 Bh5 13. Qe1 f6 14. Qg3 Re8 15. Rfe1 Bf8 16. Rxe8 Bxe8 17. Re1 Qd7 18. Bxb8 b6 19. Bf4 Qf7 20. Ne4 Qxa2
21. Nxf6+ Kf7 22. Ne5+ Kxf6 23. Qg5+
1-0

[Event "Brexit Blitz :)"]
[Site "SchemingMind.com"]
[Date "2020.02.05"]
[Round "-"]
[White "David Hartley"]
[Black "Greg Magne"]
[Result "1-0"]
[WhiteCountry "ENG"]
[BlackCountry "CAN"]
[WhiteElo "1801"]
[WhiteRD "82"]
[BlackElo "1760"]
[BlackRD "78"]
[GameID "450910"]

1. e4 c5 2. Nf3 d6 3. d4 cxd4 4. Nxd4 Nf6 5. Nc3 a6 6. Be3 e5 7. Nf3 Nc6 8. Be2 Be7 9. O-O O-O 10. Qd2 b5
11. a3 Bb7 12. Bd3 Re8 13. b4 Bf8 14. Rfe1 d5 15. exd5 Nxd5 16. Nxd5 g6 17. Nc3 Bg7 18. Be4 Qc7 19. Rad1 Rad8 20. Qc1 f5
21. Rxd8 Rxd8 22. Bd5+ Kh8 23. Ng5
1-0

[Event "Brexit Blitz :)"]
[Site "SchemingMind.com"]
[Date "2020.02.20"]
[Round "-"]
[White "Matthew Bailey"]
[Black "Greg Magne"]
[Result "0-1"]
[WhiteCountry "ENG"]
[BlackCountry "CAN"]
[WhiteElo "2492"]
[WhiteRD "65"]
[BlackElo "1844"]
[BlackRD "80"]
[GameID "451531"]

1. Nf3 Nf6 2. c4 e6 3. Nc3 d5 4. d4 c6 5. e3 Nbd7 6. Qc2 Bd6 7. Bd3 dxc4 8. Bxc4 b5 9. Bd3 Bb7 10. e4 e5
11. O-O O-O
0-1

[Event "Brexit Blitz :)"]
[Site "SchemingMind.com"]
[Date "2020.02.19"]
[Round "-"]
[White "Greg Magne"]
[Black "Matthew Bailey"]
[Result "1-0"]
[WhiteCountry "CAN"]
[BlackCountry "ENG"]
[WhiteElo "1844"]
[WhiteRD "80"]
[BlackElo "2492"]
[BlackRD "65"]
[GameID "451532"]

1. e4 e5 2. Nf3 Nc6 3. Bb5 Nf6 4. O-O Nxe4 5. d4 Nd6 6. Bxc6 dxc6 7. dxe5 Nf5 8. Qxd8+ Kxd8 9. Nc3 Be7 10. Bg5 Bxg5
11. Nxg5 Ke7 12. f4
1-0

[Event "Brexit Blitz :)"]
[Site "SchemingMind.com"]
[Date "2020.03.02"]
[Round "-"]
[White "Juan Jose Rivas Maceda"]
[Black "Greg Magne"]
[Result "1-0"]
[WhiteCountry "PER"]
[BlackCountry "CAN"]
[WhiteElo "2565"]
[WhiteRD "92"]
[BlackElo "1844"]
[BlackRD "80"]
[GameID "451959"]

1. d4 d5 2. c4 c6 3. Nf3 Nf6 4. Nc3 e6 5. Bg5 dxc4 6. e4 b5 7. e5 h6 8. Bh4 g5 9. Nxg5 hxg5 10. Bxg5 Nbd7
11. exf6 Bb7 12. g3 Qb6 13. Bg2 O-O-O 14. O-O c5 15. d5 b4 16. Na4 Qb5 17. a3 a5 18. Re1 exd5 19. axb4 cxb4 20. h4 Nc5
21. Bf4 Bd6 22. Qg4+ Kc7 23. Re7+ Kc6 24. Bxd5+ Kxd5 25. Qf3+ Kd4 26. Be3+ Kd3 27. Qd1#
1-0

[Event "Brexit Blitz :)"]
[Site "SchemingMind.com"]
[Date "2020.03.02"]
[Round "-"]
[White "Greg Magne"]
[Black "Juan Jose Rivas Maceda"]
[Result "0-1"]
[WhiteCountry "CAN"]
[BlackCountry "PER"]
[WhiteElo "1844"]
[WhiteRD "80"]
[BlackElo "2565"]
[BlackRD "92"]
[GameID "451960"]

1. e4 c5 2. Nf3 Nc6 3. d4 cxd4 4. Nxd4 Qc7 5. Nb5 Qb8 6. c4 Nf6 7. N1c3 e6 8. g3 a6 9. Na3 Bxa3 10. bxa3 Qe5
11. Be2 Qxc3+ 12. Bd2 Qxa3 13. O-O Nxe4 14. Bf4 Nc3 15. Qd2 Nxe2+ 16. Qxe2 O-O 17. Rfd1 e5 18. Be3 d6 19. Rd5 Be6
0-1